| 000 | 01878nam a2200349 i 4500 | ||
|---|---|---|---|
| 999 |
_c65269 _d65269 |
||
| 001 | 768714001 | ||
| 003 | CO-MdFUSB | ||
| 005 | 20191023095303.0 | ||
| 008 | 190930t2011 mx |||| |||| 00| 0 spa d | ||
| 020 | _a9786071110756 | ||
| 040 |
_aCO-MdFUSB _bspa _cCO-MdFUSB _dCO-MdFUSBC _erda |
||
| 041 |
_aspa _hfre |
||
| 082 |
_223 _a307.76 _bM376c |
||
| 100 |
_aMartel, Frédéric. _eautor |
||
| 245 | 1 |
_aCultura Mainstream : _bCómo nacen los fenómenos de masas. _c/ Frédéric Martel ; traducido por Núria Petit Fontseré |
|
| 264 | 1 |
_aMéxico : _bTaurus, _c[2011] |
|
| 264 | 4 | _c© 2011 | |
| 300 |
_a458 páginas _c; 24 cm |
||
| 336 |
_2rdacontent _atexto _btxt |
||
| 337 |
_2rdamedia _asin mediación _bn |
||
| 338 |
_2rdacarrier _avolumen _bnc |
||
| 490 | _aPensamiento | ||
| 505 | _aEl entertaiment Estadounidense: Jack Valenti o el Lobby de Holliwood. --Multicines. -- El estudio: Disney. -- El nuevo Holliwood. -- Todos Indies, incluido Indiana Jones. -- La invención de la música pop. -- Pauline, Tina y Oprah. -- USC, la universidad del Mainstream. -- La guerra cultural mundial. -- Kung Fu Panda: China frente a Holliwood. -- De cómo Bollywood parte a la conquista del mundo . -- Lost in translation. -- Geopolítica de los dramas. culebrones del ramadán y otras telenovelas. -- Miami, la capital pop de América Latina. -- De cómo AL Yazira se ha convertido en la cadena Mainstream del mundo árabe. -- El príncipe de los medios en el desierto. -- La cultura anti mainstream europea. -- Conclusión: Una nueva geopolítica de la cultura y la información en la era digital. | ||
| 563 | _aRústico | ||
| 650 | 0 |
_2sears _95 _aSociología de la cultura |
|
| 653 | _aMedios de comunicación de masas | ||
| 653 | _aCultura popular. | ||
| 653 | _aCultura de masas. | ||
| 700 |
_92587 _aPetit Fontserè, Núria. _etraductor |
||
| 942 | _cBK | ||
| 945 | _aJTF-925 | ||